| 000 | 00356 a2200145 4500 | ||
|---|---|---|---|
| 999 |
_c9789 _d9789 |
||
| 003 | OSt | ||
| 005 | 20220302174921.0 | ||
| 008 | 220302b ||||| |||| 00| 0 eng d | ||
| 020 | _a9781408041857 | ||
| 082 | _a693.2 | ||
| 100 | _aMills, Lucy (Editor) | ||
| 245 | _aBricklaying : construction workbook series level 1 & 2 | ||
| 260 | _bCengage | ||
| 942 | _2ddc | ||